000 00862nam a22002657a 4500
999 _c1951
_d1951
003 AR-CdUCM
008 190228b ||||| |||| 00| 0 spa d
040 _aMUNICIPALIDAD PROVINCIAL DEL CUSCO
_cBIBLIOTECA MUNICIPAL DEL CUSCO
082 _a985.0191 /
_bP78
100 _aPorras Barnechea, Raul
_97132
245 _aLos Cronistas del Perú /
_cPorras Barrenechea, Raul
260 _aLima :
_bDESA,
_c1986.
300 _a964 paginas ;
_c23cm.
440 _aBanco del Credito del Perú.
_97133
500 _aMinisterio de Educación
505 _aPrimera carta -- Segunda Carta
650 _aCronistas del Perú
_91576
650 _aHistoria
_944073
650 _aEnsayos.
_9375
650 _aCronistas del Perú
_91576
700 _aPease, Franklin
_93133
700 _aPorras Barrenechea, Raúl
_944074
942 _2ddc
_cLIBROS
945 _apjha
_d2019-02-28